000 01058cam a22002531 4500
001 sd 63000007
003 DLC
005 20260227112736.0
008 921016s1963 dcua f000 0 eng c
010 _asd 63000007
035 _a(OCoLC)26796227
040 _aU.S. Dept. of State. Library
_cDS
_dDS
_dDLC
050 0 0 _aJX1706
_b.A75 1963
110 1 _aUnited States.
_bDepartment of State.
_bOffice of Personnel.
245 1 4 _aThe Foreign Service Staff;
_ba career in the U.S. Department of State.
_c[By the Bureau of Administration, Office of Personnel.
260 _aWashington,
_bFor sale by the Superintendent of Documents, U.S. Govt. Print. Off.,
_c1963]
300 _a28 p.
_billus.
_c20 cm.
490 1 _a[United States] Dept. of State. Publication
_v7535
490 1 _aDepartment and Foreign Service series,
_v114
500 _aCover title.
650 0 _aDiplomatic and consular service, American.
830 0 _aDepartment of State publication ;
_v7535.
830 0 _aDepartment of State publication.
_pDepartment and Foreign Service series ;
_v114.
999 _c90090
_d90090